000 00433nam a22001457a 4500
005 20250610111424.0
008 250610b |||||||| |||| 00| 0 eng d
020 _a9780801027017
050 _aBS500
_b.3597 SPA
100 _aSPARKS L. KENTON
245 _aGOD'S WORD IN HUMAN WORDS;
_bAN EVANGELICAL APPROPRIATION OF CRITICAL BIBLICAL SCHOLARSHIP
260 _aMICHIGAN
_bBAHER ACADEMIC
_cc2008
300 _a415p
942 _2lcc
_cBK
_n0
999 _c6385
_d6385